000 00570nam a2200229Ia 4500
003 OSt
005 20220924152409.0
006 a|||||r|||| 00| 0
007 ta
008 220923b |||||||| |||| 00| 0 mar d
024 _a342339
037 _cTextual
040 _aARTS
_cARTS
_bmar
041 _2mar
_amar
082 _aP15,Cx1, 155K2
100 _aSaate
_9210401
245 0 _aParniva parniya vyakaran sampardaya
260 _c1962
650 _aLINGUISTICS
942 _hP15,Cx1, 155K2
_cTEXL
_2CC
999 _c469696
_d469696